| 000 | 00773nam a22001935i 4500 | ||
|---|---|---|---|
| 001 | 53265 | ||
| 003 | ES-MaACL | ||
| 005 | 20250704063109.0 | ||
| 007 | t| | ||
| 008 | 950912s1875 sp ||||1| spa d | ||
| 040 |
_aCAM _bspa _cCAM |
||
| 100 | 1 |
_aDurán y Bas, Manuel, _d1823-1907 _946240 |
|
| 245 | 1 | 3 |
_aEl derecho en el siglo XIX _b: discursos leídos en las sesiones inaugurales de la Academia de Jurisprudencia y Legislación de Barcelona en los años de 1868, 1869 y 1871 / _cpor Manuel Durán y Bas. |
| 260 |
_aBarcelona : _b[s.n.], _c1875 ( _fImprenta de Federico Martí y Cantó) |
||
| 300 |
_a134 p. ; _c27 cm. |
||
| 710 | 2 |
_aAcademia de Jurisprudencia y Legislación de Barcelona. _91182 |
|
| 852 |
_aES-MaACL _jT-1269-F-11 |
||
| 999 |
_c53265 _d53265 |
||